[Event "Druga Liga CS - Istok"]
[Site "?"]
[Date "2006.10.28"]
[Round "10.1"]
[White "Raicevic, Ivica"]
[Black "Lukic, Igor"]
[Result "1-0"]
[WhiteElo "2307"]
[BlackElo "2087"]
[PlyCount "79"]
[EventDate "2006.09.09"]

1. c4 e6 2. Nc3 d5 3. cxd5 exd5 4. d4 Nf6 5. Bg5 Be7 6. Qc2 O-O 7. e3 Nbd7 8.
Bd3 c6 9. Nf3 Re8 10. O-O Nf8 11. Rab1 Be6 12. b4 a6 13. a4 N6d7 14. Bxe7 Qxe7
15. b5 axb5 16. axb5 c5 17. dxc5 Qxc5 18. Rfc1 Rec8 19. Qd2 Qb6 20. Nd4 Ne5 21.
Bf1 Nc4 22. Qe1 Nd7 23. Ra1 Qd6 24. Nce2 Ndb6 25. Nf4 Bd7 26. Nd3 Qe7 27. g3 g6
28. Nf4 Qc5 29. h4 Qd6 30. Bg2 Kg7 31. Qd1 Rxa1 32. Rxa1 Re8 33. Qb3 Rc8 34.
Ra7 Qb8 35. Qa2 Rc5 36. Qa1 Ne5 37. Nd3 Rc8 38. Nf3 f6 39. Ndxe5 fxe5 40. Nxe5
1-0

[Event "Druga Liga CS - Istok"]
[Site "?"]
[Date "2006.10.28"]
[Round "10.1"]
[White "Petrovic, Dragan"]
[Black "Turudic, Nenad"]
[Result "1/2-1/2"]
[WhiteElo "2102"]
[BlackElo "2233"]
[PlyCount "42"]
[EventDate "2006.09.09"]

1. d4 Nf6 2. Nf3 c5 3. d5 e6 4. c4 exd5 5. cxd5 d6 6. Nc3 g6 7. Nd2 Nbd7 8. e4
Bg7 9. Be2 O-O 10. O-O a6 11. a4 Re8 12. f3 Ne5 13. Kh1 b6 14. Ndb1 h6 15. Na3
g5 16. Nc2 Ng6 17. Ra3 Bd7 18. b4 Nh5 19. g3 Qc8 20. bxc5 bxc5 21. f4 Nf6
1/2-1/2

[Event "Druga Liga CS - Istok"]
[Site "?"]
[Date "2006.10.28"]
[Round "10.1"]
[White "Vasic, Milena"]
[Black "Djukic, Nebojsa"]
[Result "1/2-1/2"]
[WhiteElo "2190"]
[BlackElo "2182"]
[PlyCount "95"]
[EventDate "2006.09.09"]

1. d4 e6 2. c4 Nf6 3. Nf3 b6 4. g3 Bb7 5. Bg2 c5 6. d5 exd5 7. Nh4 d6 8. Nc3
Nbd7 9. cxd5 g6 10. O-O a6 11. a4 Qc7 12. e4 O-O-O 13. b3 Kb8 14. Bb2 Be7 15.
Qd2 Rhe8 16. f4 Ng8 17. Nf3 Bf6 18. Rfe1 Nf8 19. Rad1 h5 20. h3 Qc8 21. e5 Be7
22. Kh2 Ka7 23. Qf2 Nh6 24. a5 bxa5 25. Ne4 Nf5 26. Ba3 Nd7 27. exd6 Bxd6 28.
Nxd6 Nxd6 29. Ne5 Nb5 30. Nxd7 Qxd7 31. Bxc5+ Kb8 32. Bb6 Nc3 33. Rd3 Rc8 34.
Rxe8 Qxe8 35. Qb2 Qb5 36. Rxc3 Rxc3 37. Qxc3 Qxb6 38. h4 Ka7 39. Qd3 Qf2 40.
Qe4 Qb6 41. Qc4 Qd6 42. Qd4+ Kb8 43. Qc4 Qb4 44. Qd3 Qb6 45. Qc4 Qd6 46. Qd4 f5
47. Qa4 Qb6 48. Qc4 1/2-1/2

[Event "Druga Liga CS - Istok"]
[Site "?"]
[Date "2006.10.28"]
[Round "10.1"]
[White "Zivkovic, Nemania"]
[Black "Nikolic, Zeljko"]
[Result "0-1"]
[WhiteElo "2127"]
[BlackElo "2245"]
[PlyCount "47"]
[EventDate "2006.09.09"]

1. e4 e6 2. d4 d5 3. Nd2 c5 4. exd5 exd5 5. dxc5 Bxc5 6. Nb3 Bd6 7. Bd3 Ne7 8.
Qh5 Nbc6 9. Nf3 h6 10. O-O Nb4 11. Bb5+ Bd7 12. Bxd7+ Qxd7 13. c3 Nd3 14. Rd1
Nxc1 15. Raxc1 O-O 16. Rd4 Rad8 17. Rcd1 Qe6 18. Ne1 f5 19. c4 dxc4 20. Nc5 Qc8
21. Rxd6 Rxd6 22. Rxd6 Qxc5 23. Rd7 b5 24. Qe2 0-1

[Event "Druga Liga CS - Istok"]
[Site "?"]
[Date "2006.10.28"]
[Round "10.3"]
[White "Vojinovic, Goran"]
[Black "Krstic, Petar"]
[Result "1/2-1/2"]
[WhiteElo "2461"]
[BlackElo "2203"]
[PlyCount "99"]
[EventDate "2006.09.09"]

1. d4 d5 2. c4 c6 3. Nc3 Nf6 4. e3 a6 5. Bd3 e6 6. Nf3 dxc4 7. Bxc4 b5 8. Bd3
c5 9. a4 cxd4 10. exd4 b4 11. Ne4 Nbd7 12. O-O Bb7 13. Qe2 Be7 14. Bf4 Nxe4 15.
Bxe4 Bxe4 16. Qxe4 O-O 17. Rfc1 Nf6 18. Qb7 Nd5 19. Bg3 Qb6 20. Qxb6 Nxb6 21.
Rc6 Nd5 22. Rac1 Rfd8 23. Kf1 Bf6 24. Bd6 Be7 25. Bg3 Bf6 26. Bd6 Be7 27. Be5
Bf8 28. Nd2 Ne7 29. R6c4 f6 30. Bc7 Rd7 31. Ba5 e5 32. Nb3 exd4 33. Nxd4 Nd5
34. Nc6 b3 35. Be1 Nb6 36. Re4 f5 37. Re3 Nxa4 38. Rxb3 Nc5 39. Rbc3 Ne4 40.
R3c2 g6 41. b4 Rb7 42. Ra1 Nf6 43. Rd1 Rb5 44. Ra2 Rb6 45. Rc2 Rb5 46. Rc4 Re8
47. Nd4 Rb6 48. Nc2 Rbe6 49. Ne3 Rb6 50. Nc2 1/2-1/2

[Event "Druga Liga CS - Istok"]
[Site "?"]
[Date "2006.10.28"]
[Round "10.3"]
[White "Manic, Jovica"]
[Black "Raicevic, Vladimir"]
[Result "0-1"]
[WhiteElo "2272"]
[BlackElo "2446"]
[PlyCount "90"]
[EventDate "2006.09.09"]

1. e4 e6 2. d4 d5 3. e5 c5 4. Qg4 cxd4 5. Bd3 Nc6 6. Nf3 Qa5+ 7. Nbd2 Nb4 8.
O-O Nxd3 9. cxd3 Qa6 10. Qxd4 Ne7 11. Nb3 Nf5 12. Qc3 Bd7 13. Bf4 Rc8 14. Qd2
Be7 15. g4 Nh4 16. Nxh4 Bxh4 17. g5 Bb5 18. Qe3 h6 19. Rfc1 Ke7 20. Nc5 Qb6 21.
d4 hxg5 22. Bxg5+ Bxg5 23. Qxg5+ Kf8 24. Rc3 Bc6 25. Rg3 Rh7 26. Rb3 Qc7 27.
Rc1 b6 28. Na6 Qd7 29. Rbc3 Rh6 30. Kh1 Kg8 31. Rg1 Rg6 32. Qh4 Rxg1+ 33. Kxg1
Bb5 34. Nb4 Rxc3 35. bxc3 Qc8 36. Nc2 Bd3 37. Ne1 Bc4 38. a3 Qf8 39. Nc2 a5 40.
Qg5 Bd3 41. Ne3 Qxa3 42. Qd8+ Qf8 43. Qxb6 a4 44. Qa5 a3 45. f4 Be4 0-1

[Event "Druga Liga CS - Istok"]
[Site "?"]
[Date "2006.10.28"]
[Round "10.3"]
[White "Milenkovic, Mladen"]
[Black "Nikolic, Boban"]
[Result "0-1"]
[WhiteElo "2349"]
[BlackElo "2222"]
[PlyCount "68"]
[EventDate "2006.09.09"]

1. e4 c6 2. d4 d5 3. exd5 cxd5 4. c4 Nf6 5. Nc3 g6 6. Bg5 Bg7 7. Nf3 O-O 8.
cxd5 Nxd5 9. Qd2 Nc6 10. Be2 Qa5 11. O-O e5 12. b4 Ndxb4 13. d5 e4 14. dxc6
exf3 15. Bxf3 Nxc6 16. Rac1 Be6 17. Qf4 f6 18. Bh6 Bxh6 19. Qxh6 Qg5 20. Qxg5
fxg5 21. Rfe1 Rae8 22. Ne4 Nd4 23. Bd1 Rc8 24. Rb1 Rc7 25. a4 g4 26. Rb4 Nc6
27. Rb2 Kg7 28. Nc5 Bc8 29. Ne6+ Bxe6 30. Rxe6 h5 31. g3 Rf6 32. Re3 Rd6 33.
Be2 Nd4 34. Bd3 Nf3+ 0-1

[Event "Druga Liga CS - Istok"]
[Site "?"]
[Date "2006.10.28"]
[Round "10.3"]
[White "Todorovic, Bojan"]
[Black "Jevtic, Sasa"]
[Result "0-1"]
[WhiteElo "2294"]
[BlackElo "2123"]
[PlyCount "126"]
[EventDate "2006.09.09"]

1. d4 d5 2. c4 c6 3. Nf3 Nf6 4. e3 e6 5. Nc3 Nbd7 6. Bd3 Bd6 7. e4 dxe4 8. Nxe4
Nxe4 9. Bxe4 Nf6 10. Bc2 Bb4+ 11. Bd2 Qa5 12. O-O Bxd2 13. Nxd2 O-O 14. Qe2 Rd8
15. c5 Qc7 16. Ne4 Nxe4 17. Qxe4 g6 18. Bb3 Bd7 19. Rad1 Be8 20. h4 Rd7 21. h5
Qd8 22. Qe5 Qh4 23. hxg6 hxg6 24. Rd3 Qh8 25. Rfd1 Rad8 26. Qxh8+ Kxh8 27. f4
Kg7 28. Kf2 Kf6 29. Ke3 g5 30. fxg5+ Kxg5 31. Ke4 Kf6 32. g4 Kg6 33. Rf3 f6 34.
Ke3 e5 35. Rdf1 Rxd4 36. Rxf6+ Kg7 37. Bf7 Rf4 38. Rd6 Rxd6 39. Bxe8 Rdd4 40.
Rxf4 Rxf4 41. Bd7 Kf6 42. Bc8 Rb4 43. b3 b6 44. Bb7 bxc5 45. Bxc6 Rxg4 46. Bd5
Rd4 47. Bc6 Ke7 48. Bb7 Kd6 49. Ba8 Kc7 50. Bf3 Kb6 51. Bh5 Ka5 52. a3 Kb6 53.
Bf7 Kc6 54. Bg8 Kd6 55. Bf7 Ke7 56. Bg8 Kf6 57. Bh7 Rh4 58. Bg8 Kf5 59. Bd5
Rh3+ 60. Kf2 Kf4 61. Ke2 e4 62. Kd2 Ke5 63. Bc4 Kd4 0-1

[Event "Druga Liga CS - Istok"]
[Site "?"]
[Date "2006.10.28"]
[Round "10.3"]
[White "Milosevic, Aleksandar"]
[Black "Rajevic, Gavrilo"]
[Result "1/2-1/2"]
[WhiteElo "2255"]
[BlackElo "2277"]
[PlyCount "45"]
[EventDate "2006.09.09"]

1. Nf3 Nf6 2. c4 g6 3. Nc3 Bg7 4. e4 d6 5. d4 O-O 6. Be3 Ng4 7. Bg5 h6 8. Bh4
c5 9. d5 a6 10. Nd2 g5 11. Bg3 f5 12. exf5 Bxf5 13. Be2 Nf6 14. h4 g4 15. Nf1
Ne4 16. Nxe4 Bxe4 17. Ne3 Qa5+ 18. Kf1 Bxb2 19. Rb1 Qc3 20. Rxb2 Qxb2 21. Bd3
Bxd3+ 22. Qxd3 Qa1+ 23. Ke2 1/2-1/2

[Event "Druga Liga CS - Istok"]
[Site "?"]
[Date "2006.10.28"]
[Round "10.3"]
[White "Jonic, Vladimir"]
[Black "Vojinovic, Jovana"]
[Result "1-0"]
[WhiteElo "2168"]
[BlackElo "2132"]
[PlyCount "67"]
[EventDate "2006.09.09"]

1. e4 e6 2. d4 d5 3. Nc3 dxe4 4. Nxe4 Nd7 5. Nf3 Ngf6 6. Nxf6+ Nxf6 7. Bd3 Be7
8. Qe2 O-O 9. Bg5 c5 10. O-O-O cxd4 11. Bxf6 Bxf6 12. h4 g6 13. Kb1 Qc7 14. Ng5
h6 15. Qf3 Qe7 16. Ne4 Bg7 17. g4 f5 18. Ng3 a5 19. gxf5 exf5 20. Ne2 Be6 21.
Nf4 Bf7 22. Rdg1 Qd6 23. Rh3 a4 24. a3 Be8 25. Nxg6 Bxg6 26. Rhg3 Rf6 27. h5
Raf8 28. Rxg6 Rxg6 29. Rxg6 Qe5 30. Qxb7 Kh8 31. Qc6 Rb8 32. Rxh6+ Bxh6 33.
Qxh6+ Kg8 34. Bc4+ 1-0

[Event "Druga Liga CS - Istok"]
[Site "?"]
[Date "2006.10.28"]
[Round "10.5"]
[White "Dezelin, Milan"]
[Black "Djukic, Zeljko"]
[Result "1/2-1/2"]
[WhiteElo "2333"]
[BlackElo "2409"]
[PlyCount "21"]
[EventDate "2006.09.09"]

1. Nf3 d5 2. b3 Bf5 3. Bb2 e6 4. g3 h6 5. Bg2 c6 6. O-O Nf6 7. c4 Nbd7 8. Nc3
Bc5 9. d3 O-O 10. Rc1 a5 11. Rc2 1/2-1/2

[Event "Druga Liga CS - Istok"]
[Site "?"]
[Date "2006.10.28"]
[Round "10.5"]
[White "Zivanovic, Nenad"]
[Black "Pantic, Milivoje"]
[Result "1/2-1/2"]
[WhiteElo "2200"]
[BlackElo "2179"]
[PlyCount "25"]
[EventDate "2006.09.09"]

1. e4 c6 2. d4 d5 3. Nd2 dxe4 4. Nxe4 Nd7 5. Nf3 Ngf6 6. Nxf6+ Nxf6 7. Be2 Bg4
8. O-O e6 9. b3 Bd6 10. Bb2 O-O 11. h3 Bh5 12. Ne5 Bxe2 13. Qxe2 1/2-1/2

[Event "Druga Liga CS - Istok"]
[Site "?"]
[Date "2006.10.28"]
[Round "10.6"]
[White "Radosavljevic, Slobodan"]
[Black "Dimitrijevic, Srdjan"]
[Result "0-1"]
[WhiteElo "2254"]
[BlackElo "2308"]
[PlyCount "80"]
[EventDate "2006.09.09"]

1. c4 e5 2. g3 c5 3. Bg2 Nc6 4. Nc3 g6 5. Nf3 Bg7 6. O-O d6 7. d3 Nge7 8. a3 a5
9. Rb1 O-O 10. Bd2 Rb8 11. Ne1 Be6 12. Nd5 b5 13. b3 Bd7 14. Nc2 Nxd5 15. Bxd5
Qc7 16. Bc3 Ne7 17. Ne3 b4 18. axb4 axb4 19. Bb2 Bc6 20. Ra1 Ra8 21. Qc2 Qb7
22. Bxc6 Qxc6 23. Rxa8 Rxa8 24. Ra1 Rxa1+ 25. Bxa1 Qa8 26. Qb1 f5 27. Bb2 Bh6
28. Nf1 Kf7 29. f3 Ke6 30. Kf2 Nc6 31. e3 Ne7 32. Ke2 Bg7 33. Kf2 h5 34. h4 Bf6
35. Qa1 Qh8 36. Qa7 g5 37. hxg5 Bxg5 38. d4 h4 39. dxe5 hxg3+ 40. Kg2 Bxe3 0-1

[Event "Druga Liga CS - Istok"]
[Site "?"]
[Date "2006.10.28"]
[Round "10.6"]
[White "Manojlovic, Nebojsa"]
[Black "Markovic, Milan"]
[Result "1/2-1/2"]
[WhiteElo "2172"]
[BlackElo "2323"]
[PlyCount "67"]
[EventDate "2006.09.09"]

1. e4 c5 2. Nf3 g6 3. d4 cxd4 4. Nxd4 Bg7 5. Nc3 Nc6 6. Nb3 Nf6 7. Be2 O-O 8.
O-O d6 9. Re1 a6 10. a4 Be6 11. Bf1 Na5 12. Nd5 Nxb3 13. cxb3 Rc8 14. a5 Bxd5
15. exd5 Rc5 16. Bc4 Rxa5 17. Rxa5 Qxa5 18. Rxe7 Qa1 19. Re1 Re8 20. Rxe8+ Nxe8
21. Qd2 Nf6 22. Bf1 Ng4 23. Qg5 Be5 24. Bf4 Bxf4 25. Qxg4 Qc1 26. Qd7 Qxb2 27.
Qxb7 a5 28. Qa8+ Kg7 29. Qxa5 Qxb3 30. Qb5 Qa3 31. Qd3 Qc5 32. g3 Be5 33. Bg2
Bd4 34. Qe2 1/2-1/2

[Event "Druga Liga CS - Istok"]
[Site "?"]
[Date "2006.10.28"]
[Round "10.6"]
[White "Popovic, Djordje"]
[Black "Puzic, Slobodan"]
[Result "1-0"]
[WhiteElo "2312"]
[BlackElo "2173"]
[PlyCount "79"]
[EventDate "2006.09.09"]

1. d4 Nf6 2. c4 g6 3. Nc3 Bg7 4. e4 d6 5. Be2 O-O 6. Nf3 c5 7. d5 e6 8. O-O Re8
9. Nd2 Na6 10. Bf3 Nc7 11. a4 b6 12. Qc2 Rb8 13. Rd1 exd5 14. cxd5 Ba6 15. Nf1
Nd7 16. Ne3 Ne5 17. Be2 Bxe2 18. Qxe2 a6 19. f4 Nd7 20. e5 dxe5 21. f5 Rf8 22.
d6 Ne8 23. Ned5 Nxd6 24. f6 Nxf6 25. Bg5 h6 26. Ne4 hxg5 27. Ndxf6+ Bxf6 28.
Rxd6 Qe7 29. Rxf6 Rbd8 30. Raf1 Rd4 31. Nxg5 c4 32. Kh1 b5 33. Ne6 Rd6 34.
Rxg6+ fxg6 35. Rxf8+ Kh7 36. Qg4 Rd4 37. Qh3+ Rh4 38. Rf7+ Qxf7 39. Qxh4+ Kg8
40. Qd8+ 1-0

[Event "Druga Liga CS - Istok"]
[Site "?"]
[Date "2006.10.28"]
[Round "10.6"]
[White "Krstic, Ranko"]
[Black "Komnenic, Branko"]
[Result "0-1"]
[WhiteElo "2183"]
[BlackElo "2238"]
[PlyCount "142"]
[EventDate "2006.09.09"]

1. d4 g6 2. c4 Bg7 3. Nc3 c5 4. d5 Bxc3+ 5. bxc3 f5 6. e4 fxe4 7. f3 Nf6 8. Qc2
d6 9. fxe4 O-O 10. Nf3 Bg4 11. Be2 Bxf3 12. Bxf3 Nbd7 13. O-O Ne5 14. Be2 Nfd7
15. Bh6 Rf7 16. Rxf7 Nxf7 17. Bf4 Nde5 18. Rb1 Qc7 19. Qb3 Rb8 20. a4 Qa5 21.
Bd2 Kg7 22. h3 Qc7 23. Rf1 Rf8 24. Qd1 Qc8 25. Qe1 Qe8 26. Qh4 Qd7 27. a5 Qc7
28. Ra1 Rb8 29. Be3 a6 30. Kh2 b6 31. axb6 Rxb6 32. Qe1 Qa7 33. Ra5 Rb8 34. Qa1
Rb6 35. Qa4 Qb7 36. Bf4 h5 37. Bg3 Rb2 38. Qd1 Qb3 39. Qxb3 Rxb3 40. Rxa6 Rxc3
41. Ra7 Re3 42. Bf1 Rxe4 43. Ra4 Nh6 44. Bxe5+ Rxe5 45. Kg3 Nf5+ 46. Kf2 h4 47.
Bd3 Ng3 48. Ra8 Nh5 49. Kf3 Rg5 50. Kf2 Rg3 51. Be2 Nf4 52. Bf1 Nd3+ 53. Kg1 g5
54. Re8 Kf7 55. Rh8 Kg7 56. Re8 Kf6 57. Rg8 Nb2 58. Rf8+ Ke5 59. Rf2 Nd1 60.
Rf7 Ne3 61. Rxe7+ Kd4 62. Re6 Nxc4 63. Bxc4 Kxc4 64. Rxd6 Rd3 65. Kf2 Rxd5 66.
Ra6 Kb3 67. Ke3 c4 68. Rb6+ Kc2 69. Ke4 Rd3 70. Rc6 c3 71. Rc5 Rg3 0-1